Normal view
MARC view
Entry Personal Name
001 - CONTROL NUMBER
- control field: 1238249
003 - CONTROL NUMBER IDENTIFIER
- control field: OSt
005 - DATE AND TIME OF LATEST TRANSACTION
- control field: 20260430150710.0
008 - FIXED-LENGTH DATA ELEMENTS
- fixed length control field: 260430|| aca||aabn | a|a d
040 ## - CATALOGING SOURCE
- Original cataloging agency: OSt
- Transcribing agency: OSt
100 ## - HEADING--PERSONAL NAME
- Personal name: Yadav Neetu Au.; Nagarajan Rajamani Gu
670 ## - SOURCE DATA FOUND
- Source citation: Work cat.: (OSt)1850420: Yadav Neetu Au.; Nagarajan Rajamani Gu., Alternate Route of Making Technologically Important Solids: Few Selected Examples from Metal Oxides, Oxychlorides Along with their Applications, 2024
